| 000 | 00456nam a22001577a 4500 | ||
|---|---|---|---|
| 003 | OSt | ||
| 005 | 20151117141630.0 | ||
| 008 | 151117b xxu||||| |||| 00| 0 eng d | ||
| 040 | _cRUA | ||
| 082 | _aFIS ហុង 1990 B144 Or.1 | ||
| 100 |
_93785 _aហុង ហ៊ី |
||
| 245 | _aការចិញចឹមត្រីឡាព៉្យានៅឡូនីកា | ||
| 260 |
_aPhnom Penh _bRUA _c1990 |
||
| 300 |
_a42p. _bill. _c29cm. |
||
| 942 |
_2ddc _cFIS |
||
| 999 |
_c3521 _d3521 |
||